[Event "Innsbruck op 4th"]
[Site "Innsbruck"]
[Date "2020.08.23"]
[Round "3"]
[White "Kraemer, Max"]
[Black "Kempe, Caius Emilian"]
[Result "1-0"]
[WhiteElo "2073"]
[BlackElo "1910"]
[PlyCount "63"]
[EventDate "2020.08.22"]
[EventType "swiss"]
[EventRounds "9"]
[EventCountry "AUT"]
[SourceTitle "CBM 198 Extra"]
[Source "ChessBase"]
[SourceDate "2020.11.30"]
[SourceVersion "1"]
[SourceVersionDate "2020.11.30"]
[SourceQuality "1"]

1. d4 d5 2. Bf4 Nf6 3. Nc3 c5 4. e4 dxe4 5. dxc5 Bd7 6. Qd4 Nc6 7. Qe3 g6 8. f3 Bg7 9. fxe4 0-0 10. Bd3 Ng4 11. Qd2 Bd4 12. Nh3 e5 13. Bg5 f6 14. Bc4+ Kh8 15. Bh6 f5 16. Bg5 Qa5 17. 0-0-0 f4 18. Nd5 Qxc5 19. Bb3 Ne3 20. Kb1 Nxd5 21. exd5 Ne7 22. Nxf4 Rxf4 23. Bxf4 Bg4 24. Rde1 Rf8 25. Bxe5+ Bxe5 26. Rxe5 Rf2 27. Qc3 Qxc3 28. bxc3 Nf5 29. h3 Be2 30. g4 Nd6 31. Re6 Nb5 32. d6 1-0

[Event "Vlissingen HZ op 23rd"]
[Site "Vlissingen"]
[Date "2019.08.10"]
[Round "9"]
[White "Leenhouts, Koen"]
[Black "Kraemer, Max"]
[Result "1-0"]
[WhiteElo "2425"]
[BlackElo "2041"]
[PlyCount "39"]
[EventDate "2019.08.03"]
[EventType "swiss"]
[EventRounds "9"]
[EventCountry "NED"]
[SourceTitle "CBM 191 Extra"]
[Source "ChessBase"]
[SourceDate "2019.09.30"]
[SourceVersion "1"]
[SourceVersionDate "2019.09.30"]
[SourceQuality "1"]

1. d4 d5 2. c4 e6 3. Nc3 Nf6 4. cxd5 exd5 5. Bg5 Be7 6. Qc2 c6 7. e3 Nh5 8. Bxe7 Kxe7 9. Nf3 g6 10. Bd3 Re8 11. 0-0-0 Kf8 12. h3 Be6 13. g4 Ng7 14. Rdg1 Nd7 15. h4 c5 16. h5 c4 17. Be2 gxh5 18. Qxh7 Nf6 19. Qh8+ Ng8 20. gxh5 1-0

[Event "Vlissingen HZ op 23rd"]
[Site "Vlissingen"]
[Date "2019.08.06"]
[Round "5"]
[White "Kraemer, Max"]
[Black "Van Sonderen, Paul"]
[Result "1-0"]
[WhiteElo "2041"]
[BlackElo "1740"]
[PlyCount "67"]
[EventDate "2019.08.03"]
[EventType "swiss"]
[EventRounds "9"]
[EventCountry "NED"]
[SourceTitle "CBM 191 Extra"]
[Source "ChessBase"]
[SourceDate "2019.09.30"]
[SourceVersion "1"]
[SourceVersionDate "2019.09.30"]
[SourceQuality "1"]

1. d4 Nf6 2. Nc3 d5 3. Bf4 c6 4. Qd2 Bf5 5. f3 e6 6. g4 Nxg4 7. fxg4 Qh4+ 8. Bg3 Qxg4 9. Bh3 Qg6 10. Bxf5 exf5 11. 0-0-0 Nd7 12. Nf3 Nf6 13. Qe3+ Ne4 14. Nxe4 dxe4 15. Ne5 Qe6 16. Qb3 Qxb3 17. axb3 g5 18. d5 c5 19. d6 Bg7 20. Rd5 f4 21. Be1 f6 22. Nc4 b6 23. b4 cxb4 24. Bxb4 Kd7 25. Rhd1 g4 26. R1d4 Rae8 27. e3 h5 28. Rf5 g3 29. Rxf4 b5 30. hxg3 bxc4 31. Rxc4 Bh6 32. Rc7+ Kd8 33. Ba5 Re5 34. Rh7+ 1-0

[Event "Innsbruck op-A 2nd"]
[Site "Innsbruck"]
[Date "2018.08.24"]
[Round "1"]
[White "Koepke, Christian"]
[Black "Kraemer, Max"]
[Result "1-0"]
[WhiteElo "2316"]
[BlackElo "2046"]
[PlyCount "89"]
[EventDate "2018.08.24"]
[EventType "swiss"]
[EventRounds "9"]
[EventCountry "AUT"]
[SourceTitle "CBM 186 Extra"]
[Source "ChessBase"]
[SourceDate "2018.08.24"]
[SourceVersion "1"]
[SourceVersionDate "2018.08.24"]
[SourceQuality "1"]

1. e4 e5 2. Nf3 Nc6 3. d4 exd4 4. Nxd4 Nf6 5. Nxc6 bxc6 6. e5 Qe7 7. Qe2 Nd5 8. h4 Qe6 9. Nd2 Bc5 10. Ne4 Bd4 11. f4 f5 12. Ng5 Qe7 13. Rh3 a5 14. c3 Bc5 15. c4 Ba6 16. Qc2 Bb4+ 17. Kd1 h6 18. Nf3 0-0 19. Bd3 Nb6 20. b3 d5 21. exd6 cxd6 22. a3 Bc5 23. Bd2 d5 24. Ne5 Qd6 25. Bxf5 Rxf5 26. Qxf5 Rf8 27. Qg6 dxc4 28. Qxd6 Bxd6 29. Nxc4 Nxc4 30. bxc4 Bxc4 31. Rc3 Bd5 32. g3 Be7 33. Re3 Bc5 34. Rd3 a4 35. Bb4 Bxb4 36. axb4 Bb3+ 37. Kd2 Rb8 38. Kc3 Rb5 39. Rd8+ Kf7 40. Rd7+ Kf8 41. Rc7 g5 42. fxg5 hxg5 43. h5 g4 44. h6 Rh5 45. Rf1+ 1-0

[Event "Bad Woerishofen op 33rd"]
[Site "Bad Woerishofen"]
[Date "2017.03.13"]
[Round "4"]
[White "Kraemer, Max"]
[Black "Sauerwein, Martin"]
[Result "1-0"]
[WhiteElo "1963"]
[BlackElo "1555"]
[PlyCount "39"]
[EventDate "2017.03.10"]
[EventType "swiss"]
[EventRounds "9"]
[EventCountry "GER"]
[SourceTitle "EXT 2018"]
[Source "ChessBase"]
[SourceDate "2017.10.13"]
[SourceVersion "1"]
[SourceVersionDate "2017.10.13"]
[SourceQuality "1"]

1. e4 e5 2. Nf3 Nf6 3. Nc3 Nc6 4. Bb5 d6 5. d4 exd4 6. Nxd4 Bd7 7. Bxc6 bxc6 8. 0-0 Be7 9. Re1 0-0 10. Bf4 a6 11. Qd3 c5 12. Nf3 Nh5 13. Bd2 f5 14. e5 Bc6 15. Nd5 Re8 16. Nxe7+ Rxe7 17. Bg5 Be4 18. Bxe7 Qxe7 19. Rxe4 fxe4 20. Qd5+ 1-0